000
00305nam a2200121 a 4500
008
100921s1959|||| d
245
1
0
_a
Posledný z Udegejovcov
100
1
_a
Fadejev, A. Alexander
260
_b
Slovenský spisovateľ
_a
Bratislava
_c
1959
020
_c
25
044
_a
xo
_c
SK
041
_a
slo
999
_c
10575
_d
10575